Bogi Dajka - The Influence of Hungarian Cuisine on Gastro-Tourism - The Effect of Local Culinary Practices on Tourist Attitude and Demand in Hungary
| Main Author: | |
|---|---|
| Other Authors: | |
| Format: | Thesis |
| Kulcsszavak: | food culture foreigners in Hungary gastronomy local cuisine wine |
| Online Access: | http://dolgozattar.uni-bge.hu/59686 |
MARC
| LEADER | 00000nta a2200000 i 4500 | ||
|---|---|---|---|
| 001 | dolg59686 | ||
| 005 | 20260409145426.0 | ||
| 008 | 260409suuuu hu om 000 eng d | ||
| 040 | |a BGE Dolgozattár Repozitórium |b hun | ||
| 041 | |a en | ||
| 100 | 1 | |a Dajka Boglárka | |
| 245 | 1 | 0 | |a Bogi Dajka - The Influence of Hungarian Cuisine on Gastro-Tourism - The Effect of Local Culinary Practices on Tourist Attitude and Demand in Hungary |c Dajka Boglárka |h [elektronikus dokumentum] |
| 520 | 3 | |a This thesis explores the influence of traditional Hungarian cuisine on the development of gastro-tourism, examining how local culinary practices shape tourist attitudes, motivations, and experiences. Through a mixed-method research design, including surveys of both Hungarian nationals and foreign residents, this study investigates tourists' familiarity with Hungarian dishes, participation in culinary events, interest in vineyard tourism, and perceptions of sustainability within gastronomy. Findings reveal that while iconic foods like goulash and chicken paprikash are widely recognized, deeper engagement with Hungarian cuisine often occurs post-arrival, through festivals, tastings, and local markets. Wine tourism, particularly in regions like Tokaj and Villány, emerges as a significant motivator for travel. Additionally, sustainability movements, such as farm-to-table dining and nose-to-tail cooking, are increasingly relevant to culinary tourism in Hungary. Despite limitations in sample diversity, the research provides meaningful insights into the cultural and economic value of Hungarian gastronomy, and offers practical implications for tourism development, heritage preservation, and culinary promotion strategies. | |
| 695 | |a food culture | ||
| 695 | |a foreigners in Hungary | ||
| 695 | |a gastronomy | ||
| 695 | |a local cuisine | ||
| 695 | |a wine | ||
| 700 | 1 | |a Schultz Dr. Éva |e ths | |
| 856 | 4 | 0 | |u http://dolgozattar.uni-bge.hu/59686/1/final%20thesis%20-%20Bogi%20Dajka.pdf |z Dokumentum-elérés |
| 856 | 4 | 0 | |u http://dolgozattar.uni-bge.hu/59686/2/final%20thesis%20-%20Bogi%20Dajka.pdf |z Dokumentum-elérés |
| 856 | 4 | 0 | |u http://dolgozattar.uni-bge.hu/59686/3/bogl%C3%A1rka_dajka_opponent_gabriella_nagy.pdf |z Dokumentum-elérés |
| 856 | 4 | 0 | |u http://dolgozattar.uni-bge.hu/59686/4/Dajka%20Bogl%C3%A1rka_konzulensi_Schultz%20%C3%89va.pdf |z Dokumentum-elérés |